000 00768nam a2200229Ia 4500
001 9602
003 GE_BSU
008 181216s||||||||xx |||||||||||||| ||und||
040 _cGE_BSU
080 _a82-95
100 _aმირიანიშვილი,შალვა
245 _aაფრიკის ტყეებში
245 _bფანტასტ.მოთხრობა
245 _cრედ:მ.ჭახრაკია;მხატვ:რ.მახარაძე
260 _aთბილისი.
260 _bნაკადული.
260 _c1961.
300 _a90გვ;21სმ.ილ.
653 _aაფრიკის ტყეებში
653 _aფანტასტ.მოთხრობა
942 _cBK
999 _c42888
_d42888